| 000 | 00391nam a22001457a 4500 | ||
|---|---|---|---|
| 003 | NUST | ||
| 005 | 20230310103518.0 | ||
| 082 | _a297.8917719,MAU | ||
| 100 |
_aMaududi, Syed Abul Aala _999051 |
||
| 245 |
_aIslami Riyasat / _cSyed Abul Aala Maududi |
||
| 260 |
_6Islamic Pubication _bLahore _c2006 |
||
| 300 | _a744 p | ||
| 650 |
_aIslami Riyasat _999052 |
||
| 942 |
_2ddc _cBK _k297.8917719,MAU |
||
| 999 |
_c591454 _d591454 |
||